| 000 | 00703nam a2200241Ia 4500 | ||
|---|---|---|---|
| 001 | Z_5880 | ||
| 003 | CHAP | ||
| 008 | 220113s2009 xx 000 0 und d | ||
| 010 | _a169089 | ||
| 040 | _cCHAP | ||
| 090 | _aTesis S 2148 | ||
| 100 |
_aSaavedra Jiménez, Luis Antonio _9101079 |
||
| 245 |
_aNiveles y tendencias de consanguinidad en bovinos Angus y Suizo Europeo de registro en México / _cLuis Antonio Saavedra Jiménez |
||
| 260 |
_aChapingo, Méx. : _bEl autor, _c2009 |
||
| 300 | _a46 h. | ||
| 502 | _aTesis (Ing. Agr. Esp. en Zootecnia) -- UACH. Departametno de Zootecnia | ||
| 901 | _aTESIS S 2148 | ||
| 902 | _aM | ||
| 910 | _a2009 | ||
| 942 | _c2 | ||
| 942 | _c2 | ||
| 999 |
_c169089 _d169089 |
||